|
|
|
|
| LEADER |
00000nam a2200000 a 4500 |
| 001 |
vtls008703955 |
| 003 |
SK-MaSNL |
| 005 |
20260301205534.0 |
| 008 |
240318s2005 xo f p 000 0 slo |
| 015 |
|
|
|a SNBA2006/08-04127
|
| 020 |
|
|
|a 8022521817
|q (brož.)
|z 8022521353
|
| 035 |
|
|
|a 477C5EBB-38D3-4CF2-9F2D-B58B3C5B6990
|
| 035 |
|
|
|a urn:nbn:sk:snk-amlcac
|
| 035 |
|
|
|a urn:nbn:sk:snk-am009137
|
| 040 |
|
|
|a SNK
|b slo
|c SNK
|e AACR2
|
| 041 |
0 |
|
|a slo
|
| 044 |
|
|
|a xo
|c SK
|
| 072 |
|
7 |
|a 338.3/.4
|x Hospodárske a výrobné odvetvia
|2 konspekt
|
| 072 |
|
7 |
|a 37.016
|x Učebné osnovy. Vyučovacie predmety. Učebnice
|2 konspekt
|
| 080 |
|
|
|a (075)
|2 2001
|
| 080 |
|
|
|a (072)
|2 2001
|
| 080 |
|
|
|a 338.48
|2 2001
|
| 100 |
1 |
|
|a Novacká, Ľudmila,
|d 1953-
|4 aut
|9 192023
|
| 245 |
1 |
0 |
|a Sprievodca cestovného ruchu
|c Ľudmila Novacká a kolektív
|
| 250 |
|
|
|a [1. vyd.]
|
| 260 |
|
|
|a Bratislava
|b Ekonóm
|c 2005
|
| 300 |
|
|
|a 288 s.
|c 21 cm
|
| 504 |
|
|
|a Bibliografia
|
| 650 |
0 |
7 |
|a cestovný ruch
|2 SNKPH
|9 999
|
| 655 |
|
7 |
|a učebnice
|2 SNKPH
|9 22521
|
| 655 |
|
7 |
|a metodické príručky
|2 SNKPH
|9 70250
|
| 700 |
1 |
|
|a Bauerová, Jana
|4 aut
|9 277176
|
| 700 |
1 |
|
|a Benčič, Stanislav,
|d 1955-
|4 aut
|9 210650
|
| 700 |
1 |
|
|a Ivanovic, Vanja
|4 aut
|9 591795
|
| 700 |
1 |
|
|a Litomerický, Juraj
|4 aut
|9 12454
|
| 700 |
1 |
|
|a Magátová, Michaela
|4 aut
|9 251974
|
| 700 |
1 |
|
|a Mitánková, Beáta
|4 aut
|9 591796
|
| 700 |
1 |
|
|a Staňo, Roman
|4 aut
|9 15635
|
| 700 |
1 |
|
|a Trefil, Peter
|4 aut
|9 11092
|
| 700 |
1 |
|
|a Plesník, Pavol,
|d 1920-2009
|4 aut
|9 114603
|
| 919 |
|
|
|a 80-225-2181-7
|
| 958 |
|
|
|a OND
|
| 999 |
|
|
|c 910495
|d 912425
|
| 952 |
|
|
|a SNK
|b SNK
|y PREZ
|7 0
|p 17A0511369
|o snkSC 123779
|i snk2006/10500
|8 0
|0 0
|1 0
|4 0
|d 2006-05-25
|f 1
|l 0
|r 2025-06-05 00:00:00
|w 2026-02-24
|
| 952 |
|
|
|a SNK
|b SNK
|y VYP
|7 0
|p 17A0511368
|o snkSC 123779 D1
|i snk2006/10501
|8 0
|0 0
|1 0
|4 0
|d 2006-05-25
|l 0
|r 2026-02-24 07:41:52
|w 2026-02-24
|